[Event "POL-chT3"]
[Site "Poland"]
[Date "2002.??.??"]
[Round "?"]
[White "Morkisz, Bogdan"]
[Black "Cudnik, Andrzej"]
[Result "1-0"]
[WhiteElo "2148"]
[BlackElo "2127"]
[PlyCount "87"]
[EventDate "2002.??.??"]
[EventType "team"]
[EventRounds "9"]
[EventCountry "POL"]
[SourceTitle "EXT 2006"]
[Source "ChessBase"]
[SourceDate "2005.11.24"]
[SourceVersion "1"]
[SourceVersionDate "2005.11.24"]
[SourceQuality "1"]

1. e4 c5 2. Nc3 d6 3. g3 Nc6 4. Bg2 g6 5. d3 Bg7 6. Be3 Rb8 7. Qd2 b5 8. f4 Nd4 9. Nd1 e6 10. c3 Nc6 11. e5 Nge7 12. exd6 Qxd6 13. Qf2 Qxd3 14. Bxc5 b4 15. Ne2 bxc3 16. Nexc3 Bd4 17. Bxd4 Nxd4 18. Be4 Qc4 19. b3 Qb4 20. 0-0 Ba6 21. Re1 0-0 22. a3 Qb6 23. Na4 Qa5 24. b4 Ne2+ 25. Rxe2 Qxa4 26. Qxa7 Nc6 27. Qc5 Bxe2 28. Nc3 Qa6 29. Bxc6 Rfc8 30. Nxe2 Rxc6 31. Qe5 Qa7+ 32. Kg2 Rc2 33. Kh3 Rd8 34. Nc3 Qf2 35. Ne4 Qxh2+ 36. Kg4 h5+ 37. Kg5 Rd5 38. Nf6+ Kf8 39. Nxd5 Qxg3+ 40. Kh6 exd5 41. Re1 Qxe1 42. Qxe1 Rc4 43. Qe5 Re4 44. Qxd5 1-0

[Event "POL-chT2 South"]
[Site "Ustron"]
[Date "2001.09.??"]
[Round "?"]
[White "Morkisz, Bogdan"]
[Black "Tekielak, Sebastian"]
[Result "0-1"]
[WhiteElo "2162"]
[BlackElo "2206"]
[PlyCount "104"]
[EventDate "2001.09.14"]
[EventType "team-swiss"]
[EventRounds "10"]
[EventCountry "POL"]
[SourceTitle "EXT 2019"]
[Source "ChessBase"]
[SourceDate "2018.10.10"]
[SourceVersion "1"]
[SourceVersionDate "2018.10.10"]
[SourceQuality "1"]

1. e4 g6 2. Nc3 Bg7 3. g3 d6 4. Bg2 Nc6 5. d3 e5 6. Be3 Nge7 7. Qd2 f5 8. h4 fxe4 9. dxe4 h6 10. 0-0-0 Be6 11. Nge2 Nc8 12. h5 Nb6 13. b3 g5 14. Nd5 Ne7 15. f4 Nexd5 16. exd5 Bg4 17. Be4 Qe7 18. Bg6+ Kd7 19. fxg5 hxg5 20. Bxg5 Qxg5 21. Qxg5 Bh6 22. Qxh6 Rxh6 23. Rh2 Rah8 24. c4 Bxh5 25. Bf5+ Ke7 26. Rdh1 Kf6 27. g4 Bxg4 28. Rxh6+ Rxh6 29. Rxh6+ Kxf5 30. Kd2 Nd7 31. Rh7 Kg6 32. Rh8 Nb6 33. Rg8+ Kh5 34. Rg7 Bd7 35. Nc3 Kh6 36. Re7 a6 37. Ne4 Kg6 38. Kd3 a5 39. a4 Kf5 40. c5 dxc5 41. Nxc5 Bc8 42. Rf7+ Kg6 43. Rxc7 Bf5+ 44. Ke2 Nxd5 45. Rxb7 e4 46. Rb5 e3 47. Ke1 Nf4 48. Rb6+ Kg7 49. Ne6+ Bxe6 50. Rxe6 Nxe6 51. Ke2 Kf6 52. Kd3 Ke5 0-1